000 01066nam a22002537a 4500
005 20170124103053.0
010 _aB-005026
020 _c100.00
_a8186509100
035 _aB-005026
037 _bCen Lib/Ret
040 _aDPL
_bHN
082 _a
_bअनूठी
245 _aअनूठी प्रेम कथाएं /
_cसंपादक सुरजीत
246 _aAnoothi prem kahayen /
_bsampadak Surjeet
260 _aदिल्ली
_bशाश्वत प्रकाशन
_c2000
270 _b दिल्ली
_a5452, शिव मार्किट, न्यू चन्द्रवल, जवाहर नगर
_e110007
300 _a112पृ.
_c19सेमी(सजिल्द )
650 _aहिन्दी साहित्य
_971005
650 _aहिन्दी साहित्य
_xकहानियां
_971006
650 _aHindi literature
_971007
650 _aHindi literature
_xstories
_971008
700 _aसुरजीत
_9500
942 _2ddc
_cHN
_h
_mअनूठी
999 _c117258
_d117258